000088955 001__ 88955
000088955 005__ 20200514105019.0
000088955 037__ $$aTAZ-TFG-2019-693
000088955 041__ $$aspa
000088955 1001_ $$aLorenzo Hualde, Mirian
000088955 24200 $$aProgramme to train fourth year nursing students from the University of Zaragoza: Strategies to improve the communication with deaf in-patients
000088955 24500 $$aPrograma de formación dirigido a los alumnos de 4º de enfermería de la Universidad de Zaragoza: estrategias para mejorar la comunicación con el paciente sordo hospitalizado.
000088955 260__ $$aZaragoza$$bUniversidad de Zaragoza$$c2019
000088955 500__ $$aResumen disponible también en inglés
000088955 506__ $$aby-nc-sa$$bCreative Commons$$c3.0$$uhttp://creativecommons.org/licenses/by-nc-sa/3.0/
000088955 520__ $$aIntroducción. La mayoría de los seres humanos somos capaces de oír, sin embargo existe un porcentaje de personas que presentan una pérdida o anormalidad en la función de audición. Este hecho dificulta el acceso de las personas sordas al lenguaje oral, dando lugar a la aparición de barreras comunicativas que provocan sentimientos de frustración, impotencia y aislamiento social tanto en las personas sordas como en el resto de la sociedad. Esta situación puede extrapolarse al ambiente hospitalario en el cual estas barreras suponen un obstáculo en la tarea de comprensión por parte del personal de enfermería de las necesidades del paciente. Objetivos. Diseñar un Programa de Formación que proporcione a los alumnos de 4º de Enfermería de la Universidad de Zaragoza una serie de estrategias y recursos que les ayuden a mejorar la comunicación con las personas sordas en un ambiente hospitalario. Metodología. Para la realización del Programa de Formación se ha llevado a cabo una búsqueda bibliográfica en diferentes bases de datos, revistas de internet y páginas web relacionadas con el tema propuesto, acerca de la comunidad sorda y las diferentes herramientas que pueden ser útiles a la hora de comunicarse con estos pacientes. Conclusiones. El programa de formación ha dotado a los alumnos de enfermería de una serie de estrategias que pueden utilizar para alcanzar una comunicación efectiva con la comunidad sorda y luchar, al mismo tiempo, contra las barreras comunicativas presentes hoy en día, ayudando a dar voz a este colectivo. <br />
000088955 521__ $$aGraduado en Enfermería
000088955 540__ $$aDerechos regulados por licencia Creative Commons
000088955 6531_ $$aSordera
000088955 6531_ $$aPaciente sordo
000088955 6531_ $$aAtención enfermera
000088955 6531_ $$aEnfermería
000088955 6531_ $$aEstrategias de comunicación
000088955 6531_ $$aSistemas alternativos o aumentativos de comunicación
000088955 700__ $$aBardina Tremps, Enrique Luis$$edir.
000088955 7102_ $$aUniversidad de Zaragoza$$bFisiatría y Enfermería$$cEducación Física y Deportiva
000088955 8560_ $$f715664@celes.unizar.es
000088955 8564_ $$s1650199$$uhttps://zaguan.unizar.es/record/88955/files/TAZ-TFG-2019-693.pdf$$yMemoria (spa)
000088955 909CO $$ooai:zaguan.unizar.es:88955$$pdriver$$ptrabajos-fin-grado
000088955 950__ $$a
000088955 951__ $$adeposita:2020-05-13
000088955 980__ $$aTAZ$$bTFG$$cEUCS
000088955 999__ $$a20190520195138.CREATION_DATE